logo

Bir Sreshtho Munshi Abdur Rouf Library
Jhenaidah Cadet College

Communist Manifesto : (Record no. 7951)

MARC details
000 -LEADER
fixed length control field 01183nam a22002895i 4500
001 - CONTROL NUMBER
JCCL Control Number 7951
003 - CONTROL NUMBER IDENTIFIER
JCCL marc code UkOxU
005 - DATE AND TIME OF LATEST TRANSACTION
control field 20180417123233.0
008 - FIXED-LENGTH DATA ELEMENTS--GENERAL INFORMATION
fixed length control field 150716s1967 |||||||eo |||| ||eng
020 ## - INTERNATIONAL STANDARD BOOK NUMBER
International Standard Book Number 9781317586494
020 ## - INTERNATIONAL STANDARD BOOK NUMBER
International Standard Book Number 1317586492
035 ## - SYSTEM CONTROL NUMBER
system control number (Uk)017481962 7951
040 ## - CATALOGING SOURCE
Original cataloging agency Uk
Description conventions rda
Transcribing agency Uk
Modifying agency BD-JhCC
041 ## - LANGUAGE CODE
Language code of Book eng
082 ## - DEWEY DECIMAL CLASSIFICATION NUMBER
Classification number 335.5092
Author mark and Year LAS 1967
100 1# - MAIN ENTRY--PERSONAL NAME
Personal name Laski, Harold J.,
245 10 - TITLE STATEMENT
Title Communist Manifesto :
Remainder of title Socialist Landmark /
Statement of responsibility, etc Harold J. Laski.
300 ## - PHYSICAL DESCRIPTION
Pagination 1 online resource (159 pages).
490 0# - SERIES STATEMENT
Series statement The Works of Harold J. Laski
500 ## - GENERAL NOTE
General note Academic
506 1# - RESTRICTIONS ON ACCESS NOTE
Terms governing access Legal Deposit;
Physical access provisions Only available on premises controlled by the deposit library and to one user at any one time;
Authorization The Legal Deposit Libraries (Non-Print Works) Regulations (UK).
Institution to which field applies UkOxU
540 ## - TERMS GOVERNING USE AND REPRODUCTION NOTE
Terms governing use and reproduction Restricted: Printing from this resource is governed by The Legal Deposit Libraries (Non-Print Works) Regulations (UK) and UK copyright law currently in force.
Institution to which field applies UkOxU
650 #7 - SUBJECT ADDED ENTRY--TOPICAL TERM
Topical term or geographic name as entry element POLITICAL SCIENCE / Political Ideologies / Democracy
650 #7 - SUBJECT ADDED ENTRY--TOPICAL TERM
Topical term or geographic name as entry element POLITICAL SCIENCE / Political Ideologies / Communism & Socialism
942 ## - ADDED ENTRY ELEMENTS (KOHA)
Source of classification or shelving scheme Dewey Decimal Classification
Koha item type Books
Holdings
Source of classification or shelving scheme Damaged status Not for loan Home library Current library Shelving location Total Checkouts Full call number Barcode Date last seen Copy number Koha item type
Dewey Decimal Classification     JCC Rouf Library JCC Rouf Library General Stacks   335.5092 LAS 1967 10494 02/15/2018 C - 1 Books

JCC Library | Contacts | JCC Home

Last Update on 23 September 2017
Copyright @ 2017-2020 JCC Rouf Library
Rouf Library, Jhenidah Cadet College (JCC), Bangladesh